| 000 | 01309nam a2200349 i 4500 | ||
|---|---|---|---|
| 001 | 000035612 | ||
| 003 | DO-SdBNP | ||
| 005 | 20241126081053.0 | ||
| 007 | ta | ||
| 008 | 091106s1990 dr a 000 f spa d | ||
| 040 |
_aDO-SdBNP _bspa _cBNPHU _erda |
||
| 082 |
_aRD863.3 _bG182e,1990 _222 |
||
| 100 | 1 |
_aGalván, Manuel de J. _eautor _d1834-1910 _q(Manuel de Jesús) _928507 |
|
| 240 | 1 | 0 |
_aEnriquillo : _lEspañol |
| 245 | 1 | 0 |
_aEnriquillo : _bleyenda histórica dominicana 1503-1533 / _cManuel de Jesús Galván ; prólogo y notas de Jacinto Gimbernard Pellerano |
| 264 |
_aSanto Domingo : _bFundación Corripio : _c1990. |
||
| 300 |
_a584 páginas ; _c23 cm. |
||
| 336 |
_ardacontent _btexto _2txt |
||
| 337 |
_ardamedia _bsin mediación _2n |
||
| 338 |
_ardacarrier _bvolumen _2nc |
||
| 490 | 1 |
_aBiblioteca de clásicos dominicanos ; _v8 ; |
|
| 500 | _aIncluye notas al pie de las páginas | ||
| 590 | _aInventariado, 2020/ YL | ||
| 600 | 0 |
_aENRIQUILLO _cCACIQUE _d¿-1535 _914941 |
|
| 650 | 0 |
_aNovela histórica dominicana. _9860 |
|
| 650 | 0 |
_aLiteratura dominicana. _967 |
|
| 651 | 4 |
_aRepública Dominicana _xHistoria _y1503-1538 _914942 |
|
| 700 | 1 |
_aGimbernard Pellerano, Jacinto _eprólogo _961513 |
|
| 830 | 0 |
_aBiblioteca de clásicos dominicanos _l8 _977026 |
|
| 910 | _aDG | ||
| 942 |
_2ddc _cLBS1 |
||
| 999 |
_c48960 _d48960 |
||